00683nas a2200229Ia 4500001001100000003000900011008004100020040001300061040001300074041001300087100004400100210001900144222001900163245006200182250001100244260002300255501008600278300001700364362001300381500002300394650003600417R415/38235IT-RoPAU151124c99999999xx |||||||||||| ||und|| aIT-RoPAU cIT-RoPAU aFRANCESE aBoulez PierregCodice Aut. SPICS: 8911 aMUSIQUE EN JEU aMusique En Jeu aMUSIQUE EN JEU (04) STRAVINSKIJ 1882-1971bStyle Ou Idee? a1a ed. aPARISbSEUILc1971 bPaulus - SPICS - Società San Paolo EM (non-commercial uses only)cCopyright2015 a10 p. [5-14] aVOL.04,  aEloge De L'Amnesie aMUSICAvPUBBLICAZIONE PERIODICA